000 00756nam a2200181 4500
999 _c4289
_d4289
008 150901b xxu||||| |||| 00| 0 eng d
020 _a2906498866
050 _aRA427.9 .C55 2013
100 _aI Broek; P Albajar
245 _aClinical guidelines :
_bdiagnostic and treatment manual; for curative programmes in hospitals and dispensaries; guidance for prescribing/
_cI Broek; P Albajar; Médecins sans Frontières.
250 _a 2013 ed
260 _aParis :
_bMédecins sans frontières,
_c2013.
300 _a332 p. :
_bill.
_c21cm.
650 _aClinical medicine.
650 _aDiagnostic techniques and procedures.
650 _aPharmaceutical preparations.
942 _2lcc
_cBOOKS
_hRA427.9 .C55 2013
_02